000 00793nam a2200265 a 4500
001 BD-DhNSU-30978
003 BD-DhNSU
005 20260429151711.0
008 260429s1992 bg ||||g vw|| 001 0|eng d
040 _aDLC
_cBD-DhNSU
_dBD-DhNSU
041 _aeng
050 0 0 _aKNG19
_b.A2B36 1992
245 0 0 _aBangladesh legal decisions ,
_nVol. 12 /
_cedited by A.T.M. Kamrul Islam.
246 _aBLD
_bVolume XII
260 _aDhaka :
_bBangladesh Bar Council,
_c1992.
300 _avp ;
_c25 cm.
500 _aDec- 92 Reg. No.. 513
526 _aLaw
590 _aSumaiya Kainat Bintey Kohinoor
650 0 _aLaw reports digests etc
_zBangladesh.
650 4 _aLaw reports digests etc
700 1 _aIslam, A.T.M. Kamrul
_eeditor
710 _aBangladesh Bar Council.
942 _2lcc
_cBK
999 _c30978
_d30978